[Event "Chigorin Memorial"]
[Site "St Petersburg RUS"]
[Date "2012.10.29"]
[Round "3.103"]
[White "Sukhareva, Evgeniya"]
[Black "Nasybullina, Alfia"]
[Result "1-0"]
[WhiteElo "2268"]
[BlackElo "2076"]
[WhiteFideId "4167155"]
[BlackFideId "4132416"]
[EventDate "2012.10.27"]

1. d4 Nf6 2. c4 e6 3. Nf3 d5 4. Qc2 Be7 5. Bg5 O-O 6. e3 c5 7. dxc5 Qa5+ 8. Nc3
dxc4 9. Bxc4 Qxc5 10. Qe2 Bd7 11. O-O Bc6 12. e4 Nbd7 13. Bf4 Rac8 14. Bd3 e5
15. Be3 Qa5 16. Nd2 Rfd8 17. a3 Nf8 18. Rac1 a6 19. Nc4 Qc7 20. Bb6 Qb8 21. Bxd8
Rxd8 22. Ne3 Ne6 23. Ned5 Bc5 24. Nxf6+ gxf6 25. Bc4 Kh8 26. Qh5 Qc7 27. Nd5
Bxd5 28. Bxd5 Qe7 29. g3 Rg8 30. Bxe6 fxe6 31. Rc2 Rg5 32. Qf3 Kg7 33. Rfc1 Bb6
34. Qb3 Qd6 35. Re2 f5 36. Rd1 Qc6 37. Qd3 Kf6 38. Qd6 Qb5 39. Qf8+ Kg6 40. Red2
Qc5 41. Qxc5 Bxc5 42. Rd7 b6 43. Ra7 fxe4 44. Rdd7 e3 45. fxe3 Bxe3+ 46. Kg2 Kf5
47. Kf3 Bd4 48. g4+ 1-0

[Event "Chigorin Memorial"]
[Site "St Petersburg RUS"]
[Date "2012.10.29"]
[Round "3.104"]
[White "Fomichenko, Svetlana"]
[Black "Korchagina, Viktoria"]
[Result "1/2-1/2"]
[WhiteTitle "WGM"]
[BlackTitle "WFM"]
[WhiteElo "2256"]
[BlackElo "2071"]
[WhiteFideId "14101807"]
[BlackFideId "4197224"]
[EventDate "2012.10.27"]

1. e4 c5 2. Nf3 d6 3. d4 cxd4 4. Nxd4 Nf6 5. Nc3 a6 6. Bg5 e6 7. f4 Be7 8. Qf3
Qc7 9. O-O-O Nbd7 10. g4 b5 11. Bxf6 Nxf6 12. g5 Nd7 13. f5 Bxg5+ 14. Kb1 Ne5
15. Qh5 Qd8 16. h4 Bf6 17. fxe6 O-O 18. Bh3 g6 19. Qe2 Bxh4 20. Qh2 fxe6 21.
Bxe6+ Bxe6 22. Nxe6 Nf3 23. Qh3 Qf6 24. Nxf8 Rxf8 25. a3 h5 26. Qd7 Bg3 27. Nd5
Qf7 28. Qc6 h4 29. Qxa6 Qd7 30. Qb6 h3 31. Qe3 h2 32. Rdf1 Qf7 33. Ka2 Be5 34.
b3 g5 35. Ne7+ Qxe7 36. Rxf3 Rxf3 37. Qxf3 Qf7 38. Qe2 Qf4 39. Rf1 Qh4 40. Qf3
Bf4 41. a4 bxa4 42. bxa4 Qh7 43. Rb1 Qf7+ 44. Rb3 Qc4 45. Kb1 d5 46. exd5 Qd4
47. Rd3 Qg1+ 48. Rd1 g4 49. Qe2 h1=Q 50. Qe6+ Kg7 51. Qe7+ Kg6 52. Qe6+ Kg5 53.
Qg8+ Kh5 54. Qf7+ Kg5 55. Qe7+ 1/2-1/2

[Event "Chigorin Memorial"]
[Site "St Petersburg RUS"]
[Date "2012.10.29"]
[Round "3.106"]
[White "Grinblat, Artemiy"]
[Black "Ignatyev, Viktor"]
[Result "1-0"]
[WhiteElo "2043"]
[BlackElo "2254"]
[WhiteFideId "14135272"]
[BlackFideId "24182915"]
[EventDate "2012.10.27"]

1. e4 e5 2. Nf3 Nc6 3. d4 exd4 4. Nxd4 Nf6 5. Nxc6 bxc6 6. Bd3 d5 7. e5 Ng4 8.
O-O Be7 9. Qe2 f6 10. exf6 Nxf6 11. Re1 Kf7 12. Bg5 Bg4 13. Qd2 Rb8 14. c3 Qd7
15. Qc2 g6 16. Nd2 Bd6 17. Nf1 Rhe8 18. Ne3 Be6 19. Qa4 Nh5 20. Qh4 Kg8 21. Be2
Ng7 22. Ng4 Bxg4 23. Bxg4 Qf7 24. Bf6 Rxb2 25. Rxe8+ Nxe8 26. Bg5 Bf4 27. Bxf4
Nf6 28. h3 h5 29. Bf3 Ne8 30. Re1 Nf6 31. Be5 Ne8 32. Bd4 Nd6 33. Qd8+ Qf8 34.
Qg5 Qf5 35. Qh6 1-0

[Event "Chigorin Memorial"]
[Site "St Petersburg RUS"]
[Date "2012.10.29"]
[Round "3.107"]
[White "Zhurikhin, Alexander"]
[Black "Grigorjev, Iljya"]
[Result "1/2-1/2"]
[WhiteElo "2254"]
[BlackElo "2053"]
[WhiteFideId "4139569"]
[BlackFideId "24159565"]
[EventDate "2012.10.27"]

1. e4 e5 2. Nf3 Nc6 3. d4 exd4 4. Nxd4 Bc5 5. Nxc6 Qf6 6. Qf3 bxc6 7. Nd2 d6 8.
Nb3 Bb6 9. Bd2 d5 10. Bc3 Qxf3 11. gxf3 f6 12. a4 a5 13. exd5 cxd5 14. Bb5+ Bd7
15. Bxd7+ Kxd7 16. Rg1 g6 17. O-O-O c6 18. Rge1 Bxf2 19. Re2 Bb6 20. Rde1 h5 21.
Re6 Rh6 22. f4 g5 23. Bd2 Rh7 24. fxg5 fxg5 25. Bxg5 Rf7 26. Bh4 Bf2 27. Bxf2
Rxf2 28. Rg6 Nf6 29. Nc5+ Kd6 30. Nb7+ Kc7 31. Rg7+ Kb6 32. Re3 Rf1+ 33. Kd2
Ne4+ 34. Ke2 Raf8 35. Rb3+ Ka6 36. Nxa5 Nc5 37. Nxc6 Nxb3 38. cxb3 Kb6 39. Nd4
R1f2+ 40. Kd3 Rxh2 41. Rg6+ Kb7 42. Rg7+ Kb6 1/2-1/2

[Event "Chigorin Memorial"]
[Site "St Petersburg RUS"]
[Date "2012.10.29"]
[Round "3.108"]
[White "Salov, Vitaly V."]
[Black "Toivonen, Alexander V."]
[Result "0-1"]
[BlackTitle "FM"]
[WhiteElo "1993"]
[BlackElo "2250"]
[WhiteFideId "4128044"]
[BlackFideId "4107918"]
[EventDate "2012.10.27"]

1. d4 d5 2. Bg5 Bf5 3. e3 h6 4. Bh4 Nf6 5. Bxf6 exf6 6. Bd3 Bxd3 7. Qxd3 c6 8.
Ne2 Bd6 9. Nd2 O-O 10. O-O Nd7 11. c4 dxc4 12. Nxc4 Bc7 13. Rfd1 Qe7 14. Rac1
Rfd8 15. Qf5 g6 16. Qf3 f5 17. Nf4 Nf6 18. Nd3 Ne4 19. a3 Ng5 20. Qe2 Rxd4 21.
Qc2 Rd7 22. b4 Ne4 23. Ne1 Rad8 24. Nf3 Rd5 25. Rxd5 Rxd5 26. Rd1 Qd8 27. Rxd5
Qxd5 28. Ncd2 a5 29. Nd4 axb4 30. axb4 Qd6 31. Nxe4 fxe4 32. g3 Qxb4 33. Qxe4
Qd6 34. h4 h5 35. Qe8+ Qf8 36. Qe4 Qd8 37. f4 Bb6 38. Nf3 Qd7 39. Kf2 Ba7 40.
Ke2 b5 41. Qb1 Qd5 42. Kf2 Bc5 43. Qa1 b4 44. Qa8+ Kg7 45. Qa1+ f6 46. Qa6 Qe4
47. Qb7+ Kh6 48. Qc8 Qxe3+ 49. Kg2 Kg7 50. Qd7+ Qe7 51. Qxc6 b3 52. Qb5 Qe3 53.
Qd7+ Qe7 54. Qb5 Bb4 55. Qf1 b2 56. Qd3 Bc3 57. f5 Qb7 58. Qb1 g5 59. hxg5 fxg5
60. Kf2 g4 61. Nh4 Bf6 62. Ke3 Qb3+ 63. Kf4 Qc4+ 0-1

[Event "Chigorin Memorial"]
[Site "St Petersburg RUS"]
[Date "2012.10.29"]
[Round "3.110"]
[White "Atabayeva, Ogulgerek"]
[Black "Vunder, Andrey"]
[Result "0-1"]
[WhiteElo "1990"]
[BlackElo "2243"]
[WhiteFideId "14001810"]
[BlackFideId "4128338"]
[EventDate "2012.10.27"]

1. e4 c6 2. d4 d5 3. Nc3 dxe4 4. Nxe4 Bf5 5. Ng3 Bg6 6. h4 h6 7. Nf3 Nd7 8. h5
Bh7 9. Bd3 Bxd3 10. Qxd3 Qc7 11. Bd2 e6 12. O-O-O Ngf6 13. Qe2 Bd6 14. Ne4 Nxe4
15. Qxe4 O-O-O 16. c4 c5 17. Bc3 Nf6 18. Qe2 cxd4 19. Nxd4 a6 20. Kb1 Rd7 21.
Nb3 Qc6 22. Bxf6 gxf6 23. c5 Bc7 24. Rxd7 Qxd7 25. Qf3 Rd8 26. Rc1 Qd3+ 27. Qxd3
Rxd3 28. c6 b6 29. Rc4 Rd5 30. g4 Bd6 31. Kc2 Kc7 32. a3 b5 33. Rc3 Be5 34. Rc5
Rd6 35. Na5 Bd4 36. Rc3 Bxc3 37. Kxc3 Rd1 38. f3 Rf1 39. Nb3 Rxf3+ 40. Kb4 Rf4+
41. Kc3 Kxc6 0-1

[Event "Chigorin Memorial"]
[Site "St Petersburg RUS"]
[Date "2012.10.29"]
[Round "3.111"]
[White "Valli, Frans"]
[Black "Kondratiev, Denis"]
[Result "1-0"]
[WhiteElo "2240"]
[BlackElo "1972"]
[WhiteFideId "506087"]
[BlackFideId "4181220"]
[EventDate "2012.10.27"]

1. e4 c5 2. Nf3 e6 3. d4 cxd4 4. Nxd4 a6 5. Bd3 Bc5 6. Nb3 Ba7 7. O-O Nc6 8. Qg4
Nf6 9. Qxg7 Rg8 10. Qh6 Rg6 11. Qh3 Ne5 12. Be3 Nfg4 13. Bxa7 Rxa7 14. Be2 Nf6
15. Qe3 Ra8 16. Nc3 b5 17. Nd2 b4 18. Na4 Rb8 19. f4 Neg4 20. Qd4 Bb7 21. Nc5 a5
22. Nxb7 Rxb7 23. e5 Nh5 24. Nc4 Qh4 25. h3 Ng3 26. Bf3 Nxf1 27. Rxf1 Rb8 28.
hxg4 Rh6 29. g5 Qh2+ 30. Kf2 Rh4 31. Ke3 a4 32. Rd1 Rd8 33. Nd6+ Kf8 34. Qxb4
Kg7 35. Qxa4 Rh8 36. Qe4 h6 37. gxh6+ R8xh6 38. Nxf7 d5 39. exd6 Rf6 40. Ng5
Rhxf4 41. Nxe6+ Kh6 42. Nxf4 1-0

[Event "Chigorin Memorial"]
[Site "St Petersburg RUS"]
[Date "2012.10.29"]
[Round "3.112"]
[White "Mitiushkin, Marat"]
[Black "Spielmann, Alain"]
[Result "1/2-1/2"]
[BlackTitle "FM"]
[WhiteElo "1953"]
[BlackElo "2235"]
[WhiteFideId "4141849"]
[BlackFideId "602272"]
[EventDate "2012.10.27"]

1. d4 Nf6 2. Nf3 g6 3. c4 Bg7 4. Nc3 d5 5. Bf4 O-O 6. e3 c5 7. dxc5 Qa5 8. Qd2
dxc4 9. Bxc4 Qxc5 10. Qe2 Nc6 11. Rc1 Qa5 12. O-O Bf5 13. h3 Ne4 14. Nxe4 Bxe4
15. Rfd1 h6 16. Nd2 Bd5 17. Bxd5 Qxd5 18. Nb3 Qe6 19. Qb5 g5 20. Bh2 Rad8 21.
Rxd8 Rxd8 22. Bg3 Bxb2 23. Rb1 Be5 24. Bxe5 Nxe5 25. Qxb7 g4 26. Nd4 Qf6 27.
hxg4 Nxg4 28. Nf3 a6 29. Qc7 Qd6 30. Qxd6 Rxd6 31. Kf1 Rd5 32. Ke2 Ra5 33. Rb2
Rd5 34. Rc2 Ra5 35. Rb2 Rd5 36. Rc2 Ra5 37. Rb2 1/2-1/2

[Event "Chigorin Memorial"]
[Site "St Petersburg RUS"]
[Date "2012.10.29"]
[Round "3.114"]
[White "Suleymanyants, Odisey"]
[Black "Andreeva, Yulia"]
[Result "1-0"]
[WhiteTitle "FM"]
[WhiteElo "2227"]
[BlackElo "1944"]
[WhiteFideId "24149357"]
[BlackFideId "4108302"]
[EventDate "2012.10.27"]

1. e4 c5 2. Nf3 d6 3. c3 Nf6 4. Be2 g6 5. O-O Bg7 6. d3 O-O 7. Nbd2 Nc6 8. a4 e5
9. Nc4 h6 10. Nfd2 d5 11. exd5 Nxd5 12. Ne4 b6 13. a5 f5 14. Ned6 Be6 15. axb6
axb6 16. Rxa8 Qxa8 17. Bf3 Qb8 18. Qb3 Rd8 19. Nb5 Nce7 20. Re1 g5 21. g3 g4 22.
Bg2 Ng6 23. Qa4 Nc7 24. Nxc7 Qxc7 25. Bf1 Kh8 26. Qb5 Rb8 27. Bd2 Bd7 28. Qa6
Ne7 29. Bg2 Nc6 30. Ra1 Bc8 31. Qb5 Bd7 32. Qa6 f4 33. Be4 b5 34. Na5 Ne7 35.
Nb3 c4 36. Qa7 Qd6 37. Ra6 Bc6 38. Na5 Rc8 39. Nxc6 Rxc6 40. Qa8+ 1-0

[Event "Chigorin Memorial"]
[Site "St Petersburg RUS"]
[Date "2012.10.29"]
[Round "3.116"]
[White "Samdanov, Samdan"]
[Black "Kantyshev, Nikita"]
[Result "1/2-1/2"]
[WhiteElo "2221"]
[BlackElo "1898"]
[WhiteFideId "4188101"]
[BlackFideId "4186737"]
[EventDate "2012.10.27"]

1. c4 c5 2. Nf3 Nc6 3. Nc3 g6 4. e3 Bg7 5. d4 cxd4 6. exd4 e6 7. Bf4 a6 8. d5
Nce7 9. d6 Nc6 10. Qd2 Nf6 11. Bh6 O-O 12. Bxg7 Kxg7 13. Be2 b6 14. Rg1 b5 15.
g4 b4 16. Na4 Qa5 17. b3 Ne4 18. Qf4 Nc3 19. Nxc3 bxc3 20. Rg3 e5 21. Qc1 e4 22.
Ng5 c2+ 23. Qd2 Qe5 24. Qc3 Nd4 25. Re3 Bb7 26. Nf3 Nxf3+ 27. Rxf3 exf3 28.
Qxe5+ Kg8 29. Qd4 Rae8 30. Kd2 Rxe2+ 31. Kc3 Rfe8 32. Rc1 Be4 33. b4 g5 34. c5
Re6 35. Kb2 Bc6 36. Rxc2 Ba4 37. Ka3 Bc6 38. Kb3 R6e4 39. Qd3 h6 40. h3 Rxc2 41.
Kxc2 Re2+ 42. Kb3 Rxf2 43. Qxa6 Rd2 44. Kc3 Rd1 45. Kc2 Rd4 46. a3 f2 47. Qf1
Rf4 48. b5 Be4+ 49. Kc3 Kf8 50. a4 Rf3+ 51. Kd4 Rf4 52. Ke3 Bd5 53. c6 dxc6 54.
b6 c5 55. a5 Bb7 56. Kd2 c4 57. Qa1 f6 58. a6 Bxa6 59. Qxa6 f1=Q 60. Qc8+ 1/2-1/2

[Event "Chigorin Memorial"]
[Site "St Petersburg RUS"]
[Date "2012.10.29"]
[Round "3.117"]
[White "Schekachikhin, Maksim"]
[Black "Matveeva, Olga"]
[Result "0-1"]
[BlackTitle "WFM"]
[WhiteElo "1921"]
[BlackElo "2219"]
[WhiteFideId "24177830"]
[BlackFideId "24107018"]
[EventDate "2012.10.27"]

1. Nf3 c5 2. e4 Nc6 3. c3 d5 4. exd5 Qxd5 5. d4 cxd4 6. cxd4 e5 7. Nc3 Bb4 8.
Bd2 Bxc3 9. Bxc3 e4 10. Ne5 Nxe5 11. dxe5 Ne7 12. Be2 O-O 13. O-O Be6 14. Qa4 a6
15. Bb4 Rfe8 16. Bd6 b5 17. Qa3 Nf5 18. Rfd1 Qb7 19. Qa5 Rac8 20. a4 Bb3 21.
axb5 Bxd1 22. Rxd1 axb5 23. Qxb5 Qxb5 24. Bxb5 Red8 25. Ba6 Rb8 26. g4 Nxd6 27.
exd6 Rb6 28. Bc4 Rdxd6 29. Ra1 g5 30. Ra5 Rxb2 31. Rxg5+ Rg6 32. Rxg6+ hxg6 33.
Bd5 Rb4 34. Kg2 e3 35. fxe3 Rxg4+ 36. Kf3 Rg1 37. e4 Rh1 38. Kg3 Rd1 39. h4 Kg7
40. Kf4 f6 41. Bc4 Kf8 42. Be2 Rh1 43. Kg4 Ke7 44. Bf3 Rg1+ 45. Kf4 Kd6 46. h5
gxh5 47. Bxh5 Rf1+ 48. Ke3 Ke5 49. Bg6 Ra1 50. Bf5 Ra3+ 51. Kf2 Kf4 52. Ke2 Rc3
53. Bg6 Rc2+ 54. Kd3 Rg2 55. Bf5 Rh2 56. Bg6 Kf3 57. Be8 Ra2 58. Bc6 Kf2 59. Bd5
Re2 60. Kd4 Rd2+ 61. Kc5 Ke3 62. Kd6 Kf4 63. Ke6 Kg5 64. Bc6 Ra2 65. Bb7 Rb2 66.
Bd5 Rb6+ 67. Kd7 Kf4 68. Ke7 Ke5 69. Ba8 Ra6 70. Bd5 Ra7+ 71. Kf8 f5 0-1

[Event "Chigorin Memorial"]
[Site "St Petersburg RUS"]
[Date "2012.10.29"]
[Round "3.118"]
[White "Klyuev, Alexander S."]
[Black "Shagdurov, Denis"]
[Result "1-0"]
[WhiteElo "2218"]
[BlackElo "1890"]
[WhiteFideId "4194250"]
[BlackFideId "24136735"]
[EventDate "2012.10.27"]

1. d4 Nf6 2. c4 c5 3. d5 e5 4. Nc3 d6 5. g3 Be7 6. Bg2 a6 7. e4 O-O 8. Nge2 Ne8
9. O-O g6 10. Bh6 Ng7 11. Qd2 Nd7 12. Nc1 Rb8 13. a4 Nf6 14. h3 Kh8 15. Nd3 Ng8
16. Be3 f5 17. f4 Qc7 18. Rad1 Nf6 19. Nxe5 fxe4 20. Nxe4 Nxe4 21. Bxe4 dxe5 22.
d6 Bxd6 23. Qxd6 Qxd6 24. Rxd6 Bxh3 25. Re1 exf4 26. Bxf4 Rbe8 27. Rdd1 Bg4 28.
Rc1 b6 29. Bc6 Re6 30. Bd5 Ree8 31. Bc6 Re6 32. Bd5 Ree8 33. Bd6 Rxe1+ 34. Rxe1
Re8 35. Rxe8+ Nxe8 36. Be5+ Ng7 37. Bc7 Bd7 38. Bxb6 Bxa4 39. Bxc5 h5 40. Bd4
Kh7 41. c5 Nf5 42. Bf6 Ne3 43. Bb7 Nc4 44. c6 Nd6 45. Be7 Ne8 46. Bd8 Nd6 47.
Bc7 Nb5 48. Be5 Na7 49. c7 Bd7 50. Bxa6 Bc8 51. Bxc8 Nxc8 52. b4 Kg8 53. b5 Kf7
54. Bd4 Ke7 55. b6 Kd7 56. b7 Kxc7 57. bxc8=Q+ Kxc8 58. Kf2 Kd7 59. Kf3 g5 60.
Bf6 1-0

[Event "Chigorin Memorial"]
[Site "St Petersburg RUS"]
[Date "2012.10.29"]
[Round "3.119"]
[White "Kamnev, Alexander"]
[Black "Semenova, Irina"]
[Result "1/2-1/2"]
[BlackTitle "WGM"]
[WhiteElo "1885"]
[BlackElo "2216"]
[WhiteFideId "24176753"]
[BlackFideId "4118367"]
[EventDate "2012.10.27"]

1. e4 e5 2. Nf3 Nc6 3. Bb5 a6 4. Ba4 d6 5. c3 g6 6. d4 Bd7 7. O-O Bg7 8. Re1
Nge7 9. dxe5 Nxe5 10. Nxe5 Bxe5 11. Bh6 Nc6 12. f4 Bf6 13. e5 dxe5 14. fxe5 Be7
15. Qd5 Qc8 16. Rf1 Nd8 17. Bxd7+ Qxd7 18. Qxd7+ Kxd7 19. Nd2 Re8 20. Ne4 b6 21.
Rad1+ Kc6 22. Bg5 Bxg5 23. Nxg5 Rxe5 24. Nxf7 Nxf7 25. Rxf7 Re2 26. Rf2 Rae8 27.
Kf1 Rxf2+ 28. Kxf2 Re5 29. b3 Rc5 30. Rd3 Rh5 31. Rh3 Rxh3 32. gxh3 Kd5 33. Kf3
Ke5 34. Kg4 h6 35. Kf3 c6 36. h4 a5 37. Ke3 b5 38. a3 Kd5 39. Kd3 a4 40. bxa4
bxa4 41. h5 gxh5 42. h4 1/2-1/2

[Event "Chigorin Memorial"]
[Site "St Petersburg RUS"]
[Date "2012.10.29"]
[Round "3.125"]
[White "Kopasov, Evgeny"]
[Black "Kuratov, Vasily"]
[Result "0-1"]
[WhiteElo "2014"]
[BlackElo "2225"]
[WhiteFideId "4181239"]
[BlackFideId "34114600"]
[EventDate "2012.10.27"]

1. d4 Nf6 2. c4 g6 3. Nc3 Bg7 4. e4 O-O 5. Be3 d6 6. f3 Nc6 7. Nge2 Rb8 8. Qd2
a6 9. Rc1 e5 10. d5 Ne7 11. Nd1 c5 12. g3 Nd7 13. Bg2 b5 14. b4 bxc4 15. Rxc4
cxb4 16. Rxb4 Rxb4 17. Qxb4 Qc7 18. O-O Nc5 19. Nf2 a5 20. Qd2 Ba6 21. Rc1 Nc8
22. Bf1 f5 23. Nc3 Bxf1 24. Kxf1 fxe4 25. fxe4 Qf7 26. Qe2 Nb6 27. Rb1 Nbd7 28.
Kg2 a4 29. Rb4 Ra8 30. Qd1 a3 31. Nb5 Qe7 32. Bc1 Bf6 33. Qd2 Rf8 34. Nxa3 Qf7
35. Qe2 Bd8 36. Nc4 Qxf2+ 37. Qxf2 Rxf2+ 38. Kxf2 Nd3+ 39. Ke2 Nxb4 40. Ba3 Nxa2
41. Kd2 Nf6 42. Kc2 Nxe4 43. Nxd6 Nxd6 44. Bxd6 e4 45. Bc5 Bf6 46. d6 Kf7 47. d7
Ke6 48. d8=Q Bxd8 49. Kb2 Kd5 50. Bf8 e3 51. Kxa2 Ba5 0-1

[Event "Chigorin Memorial"]
[Site "St Petersburg RUS"]
[Date "2012.10.29"]
[Round "3.126"]
[White "Yakimenko, Alexander A."]
[Black "Opanasenko, Mikhail"]
[Result "1-0"]
[WhiteElo "2220"]
[BlackElo "2011"]
[WhiteFideId "24141917"]
[BlackFideId "24176834"]
[EventDate "2012.10.27"]

1. d4 Nf6 2. c4 e6 3. Nc3 Bb4 4. a3 Bxc3+ 5. bxc3 b6 6. Bg5 Bb7 7. f3 h6 8. Bh4
d5 9. e3 O-O 10. Bd3 Nbd7 11. Ne2 Qe7 12. O-O c5 13. Qd2 Rac8 14. cxd5 exd5 15.
Ng3 g6 16. e4 Kh7 17. e5 Ne4 18. Qf4 Ng5 19. Nf5 Qd8 20. Nd6 Rc7 21. Qg3 Qb8 22.
Bxg5 hxg5 23. Qxg5 Rc6 24. f4 cxd4 25. cxd4 1-0

[Event "Chigorin Memorial"]
[Site "St Petersburg RUS"]
[Date "2012.10.29"]
[Round "3.127"]
[White "Velieva, Hurma"]
[Black "Rjanova, Valery"]
[Result "1/2-1/2"]
[BlackTitle "WFM"]
[WhiteElo "1966"]
[BlackElo "2206"]
[WhiteFideId "14002272"]
[BlackFideId "24129119"]
[EventDate "2012.10.27"]

1. e4 c5 2. Nf3 d6 3. d4 cxd4 4. Nxd4 Nf6 5. Nc3 g6 6. Be3 Bg7 7. f3 Nc6 8. Bc4
O-O 9. Qd2 Bd7 10. h4 h5 11. O-O-O Rc8 12. Bb3 Ne5 13. Bh6 Nc4 14. Bxc4 Rxc4 15.
Bxg7 Kxg7 16. g4 hxg4 17. h5 Rh8 18. hxg6 fxg6 19. Rdg1 Rc5 20. fxg4 Bxg4 21.
Qg2 Rxh1 22. Rxh1 Re5 23. Nd5 Qd7 24. Rg1 Rg5 25. Nf3 Bxf3 26. Qxg5 Bxe4 27. Ne3
Qh3 28. Qg3 Qxg3 29. Rxg3 Kh6 30. Ng4+ Kh5 31. Nf2 Bc6 32. Kd2 g5 33. Rh3+ Kg6
34. c4 g4 35. Re3 e5 36. c5 dxc5 37. Rxe5 c4 38. Ke3 g3 39. Ra5 gxf2 40. Kxf2 a6
41. Ke3 Bd5 42. Kd4 Be6 43. Rc5 Ne8 44. a3 Kf6 45. Rh5 Ke7 46. Kc5 Nd6 47. Rh7+
Bf7 48. a4 Nc8 49. a5 Na7 50. Kb6 Nc6 51. Rg7 Nd8 52. Rh7 Kd6 53. Rh8 Nc6 54.
Kxb7 Nxa5+ 55. Kxa6 Nb3 56. Kb5 Kd5 57. Rd8+ Ke4 58. Kb4 Nd4 59. Kc3 Ne2+ 60.
Kb4 Nf4 61. Rf8 Bd5 62. Rf6 Bg8 63. Rf8 Be6 64. Rd8 Bd5 65. Rf8 Ne2 66. Re8+ Kd3
67. Re5 Nf4 68. Rf5 Ke4 69. Rf8 Nd3+ 70. Kc3 Nf4 71. Re8+ Ne6 72. Rc8 Ke5 73.
Rxc4 Bxc4 74. Kxc4 Kd6 75. Kb5 Kc7 76. b4 Kb7 77. Kc4 Nf4 78. b5 Ng2 79. b6 Kxb6 1/2-1/2

[Event "Chigorin Memorial"]
[Site "St Petersburg RUS"]
[Date "2012.10.29"]
[Round "3.129"]
[White "Khanin, Semen"]
[Black "Lauda, Alexandr"]
[Result "1-0"]
[WhiteElo "2181"]
[BlackElo "1991"]
[WhiteFideId "4111990"]
[BlackFideId "13903179"]
[EventDate "2012.10.27"]

1. e4 c5 2. Nf3 Nc6 3. d4 cxd4 4. Nxd4 e5 5. Nb5 a6 6. Nd6+ Bxd6 7. Qxd6 Qf6 8.
Qd1 Qg6 9. Nc3 d5 10. Nxd5 Qxe4+ 11. Be3 Nd4 12. Nc7+ Ke7 13. Be2 Nxc2+ 14. Kf1
Nxe3+ 15. fxe3 Bh3 16. Nd5+ Kf8 17. Bf3 Qc4+ 18. Kg1 Rd8 19. Rc1 Qh4 20. gxh3 e4
21. Qd4 Qg5+ 22. Kf2 Qxd5 23. Qxd5 Rxd5 24. Rc8+ Ke7 25. Bxe4 Rd2+ 26. Kf3 f5
27. Bxb7 g5 28. Rg1 h6 29. Rg2 Rd8 30. Rxd8 Kxd8 31. Rc2 Ne7 32. Bxa6 Kd7 33. a4
Rb8 34. Bb5+ Kd6 35. b4 h5 36. e4 f4 37. Rc5 Rg8 38. e5+ 1-0

[Event "Chigorin Memorial"]
[Site "St Petersburg RUS"]
[Date "2012.10.29"]
[Round "3.130"]
[White "Marusenko, Petr"]
[Black "Kiseleva, Arina"]
[Result "1-0"]
[WhiteTitle "IM"]
[BlackTitle "WCM"]
[WhiteElo "2175"]
[BlackElo "1939"]
[WhiteFideId "14100606"]
[BlackFideId "4164989"]
[EventDate "2012.10.27"]

1. d4 Nf6 2. c4 e6 3. Nc3 Bb4 4. e3 O-O 5. Bd3 d5 6. a3 Bxc3+ 7. bxc3 c5 8. cxd5
exd5 9. Ne2 b6 10. O-O Re8 11. Ng3 Ba6 12. f3 Bxd3 13. Qxd3 Nbd7 14. Ra2 Rc8 15.
Re2 Qc7 16. Bb2 cxd4 17. cxd4 Qc4 18. Qf5 Qb3 19. Rfe1 b5 20. e4 Rc2 21. Rxc2
Qxc2 22. Re2 Qb1+ 23. Kf2 Nb6 24. e5 Qxf5 25. Nxf5 Nfd7 26. Bc3 g6 27. Nd6 Rb8
28. f4 Nc4 29. Nxc4 bxc4 30. Bb4 Rb5 31. g4 a5 32. Bd6 c3 33. Ke3 Rb3 34. Kd3
Nb6 35. Rc2 Na4 36. Rc1 Nb2+ 37. Kc2 a4 38. Rb1 Kg7 39. Bb4 Nc4 40. Rxb3 axb3+
41. Kxb3 c2 42. Kxc2 Ne3+ 43. Kb3 Nxg4 44. h4 Ne3 45. a4 Nc4 46. a5 f6 47. a6
Nb6 48. Bc5 Na8 49. Kb4 h5 50. a7 g5 51. exf6+ 1-0

[Event "Chigorin Memorial"]
[Site "St Petersburg RUS"]
[Date "2012.10.29"]
[Round "3.131"]
[White "Petrova, Irina"]
[Black "Boytsov, Alexander"]
[Result "1-0"]
[WhiteTitle "WFM"]
[WhiteElo "2167"]
[BlackElo "1945"]
[WhiteFideId "14124122"]
[BlackFideId "24177113"]
[EventDate "2012.10.27"]

1. d4 d5 2. c4 e6 3. Nc3 Be7 4. Nf3 Nf6 5. Bg5 O-O 6. e3 b6 7. cxd5 exd5 8. Bd3
Bb7 9. Qc2 h6 10. Bf4 Nbd7 11. g4 g5 12. Bg3 Ne4 13. h4 Re8 14. hxg5 Nxg3 15.
fxg3 Bxg5 16. O-O-O Rxe3 17. Nxg5 Qxg5 18. Kb1 Nf6 19. Nb5 Ne8 20. Bf5 c6 21.
Rh5 Qg7 22. Qd2 Re7 23. Nc3 Nf6 24. Rxh6 Bc8 25. Rdh1 Bxf5+ 26. gxf5 Kf8 27.
Rh8+ Ng8 28. Qf4 Rd8 29. R1h7 Qf6 30. Rh6 Re1+ 31. Kc2 Re4 32. Nxe4 1-0

[Event "Chigorin Memorial"]
[Site "St Petersburg RUS"]
[Date "2012.10.29"]
[Round "3.132"]
[White "Bukhteeva, Viktoria"]
[Black "Chernyak, Viktoria"]
[Result "1-0"]
[WhiteTitle "WFM"]
[WhiteElo "2165"]
[BlackElo "1939"]
[WhiteFideId "4192907"]
[BlackFideId "24165956"]
[EventDate "2012.10.27"]

1. e4 c5 2. Nf3 d6 3. d4 cxd4 4. Nxd4 Nf6 5. Nc3 e6 6. g4 h6 7. Be3 a6 8. Qf3
Nc6 9. Nxc6 bxc6 10. O-O-O d5 11. Rg1 Qa5 12. exd5 cxd5 13. Bd4 Rb8 14. h4 Bc5
15. Be5 Rb7 16. g5 hxg5 17. Rxg5 Nd7 18. Bxg7 Rxh4 19. Nxd5 exd5 20. Qxd5 Qb6
21. Rf5 Qe6 22. Re5 Qxe5 23. Bxe5 Rb6 24. Bc7 Rb7 25. Re1+ Kf8 26. Bd6+ Bxd6 27.
Qxd6+ 1-0

[Event "Chigorin Memorial"]
[Site "St Petersburg RUS"]
[Date "2012.10.29"]
[Round "3.134"]
[White "Aminov, Andrey"]
[Black "Zhelobanov, Roman"]
[Result "1-0"]
[WhiteElo "2147"]
[BlackElo "1912"]
[WhiteFideId "24162728"]
[BlackFideId "24154334"]
[EventDate "2012.10.27"]

1. e4 c6 2. d4 d5 3. e5 Bf5 4. Nd2 e6 5. Nb3 Nd7 6. Nf3 Ne7 7. Be2 c5 8. c3 Nc6
9. Be3 Bg4 10. O-O Bxf3 11. Bxf3 Be7 12. Be2 c4 13. Nd2 b5 14. f4 O-O 15. a3 a5
16. f5 Bg5 17. Bxg5 Qxg5 18. Bg4 Qe7 19. Qf3 Qg5 20. fxe6 Ndxe5 21. dxe5 Nxe5
22. Qf4 Qxf4 23. Rxf4 Nxg4 24. exf7+ Rxf7 25. Rxg4 Re8 26. Rf1 Re2 27. Rxf7 Kxf7
28. Rd4 Re1+ 29. Kf2 Re5 30. Nf3 1-0